Rainbow redemption : (Record no. 14824)

MARC details
000 -LEADER
fixed length control field 01076nam a22002897a 4500
001 - CONTROL NUMBER
control field ENG-90715
005 - DATE AND TIME OF LATEST TRANSACTION
control field 20060202050320.0
008 - FIXED-LENGTH DATA ELEMENTS--GENERAL INFORMATION
fixed length control field 080812t xxu||||| |||| 00| p eng d
010 ## - LIBRARY OF CONGRESS CONTROL NUMBER
LC control number ENG-90715
020 ## - INTERNATIONAL STANDARD BOOK NUMBER
International Standard Book Number 9788184350180
Terms of availability 750.00
035 ## - SYSTEM CONTROL NUMBER
System control number EN-74248
037 ## - SOURCE OF ACQUISITION
Source of stock number/acquisition DBAD / PUB
040 ## - CATALOGING SOURCE
Original cataloging agency DPL
082 ## - DEWEY DECIMAL CLASSIFICATION NUMBER
Classification number 881.08
245 ## - TITLE STATEMENT
Title Rainbow redemption :
Statement of responsibility, etc edited by Binod Mishra
Remainder of title new bearings in Indian English poetry /
246 ## - VARYING FORM OF TITLE
Title proper/short title Educational management and administration
246 ## - VARYING FORM OF TITLE
Title proper/short title EMA
260 ## - PUBLICATION, DISTRIBUTION, ETC. (IMPRINT)
Place of publication, distribution, etc New Delhi
Name of publisher, distributor, etc Adhyayan Publishers & Distributors
Date of publication, distribution, etc 2007
300 ## - PHYSICAL DESCRIPTION
Extent xxvi, 303p.
Dimensions 22 cm.(Hb)
500 ## - GENERAL NOTE
General note Includes index
650 ## - SUBJECT ADDED ENTRY--TOPICAL TERM
Topical term or geographic name as entry element English poetry
Geographic subdivision India
General subdivision History and criticism
700 ## - ADDED ENTRY--PERSONAL NAME
Personal name Mishra, Binod
942 ## - ADDED ENTRY ELEMENTS (KOHA)
Source of classification or shelving scheme Dewey Decimal Classification
Koha item type English Books
Classification part 881.08
Call number suffix RAI
Holdings
Withdrawn status Lost status Damaged status Not for loan Collection code Home library Current library Date acquired Source of acquisition Cost, normal purchase price Total Checkouts Full call number Barcode Date last seen Cost, replacement price Price effective from Koha item type
      Not For Loan Non-fiction D.B.Act.Division D.B.Act.Division 13/08/2008 DBAD / PUB 750.00   881.08 RAI EN-74248 15/09/2008 750.00 15/09/2008 English Books

© Delhi Public Library
Hit Counter
free hit counter